| 000 | 00494nam a22001937a 4500 | ||
|---|---|---|---|
| 005 | 20250207143907.0 | ||
| 008 | 220314b1999 xxu||||| |||| 00| 0 spa d | ||
| 020 | _a950679183X | ||
| 041 | _aESP | ||
| 082 | _a R340.3 S237d | ||
| 100 | _ade Santo, Víctor | ||
| 245 | _aDiccionario de ciencias jurídicas, políticas y de economía | ||
| 260 | _aArgentina | ||
| 260 | _bEditorial Universidad | ||
| 260 | _c1999 | ||
| 300 | _a885 páginas | ||
| 650 | _aDICCIONARIOS | ||
| 942 |
_cREF _2ddc |
||
| 999 |
_c13240 _d13240 |
||